000
00268nam a22001217a 4500
008
180307b xxu||||| |||| 00| 0 eng d
041
_a
eng
080
_a
62
100
_a
27
101
_a
MEK
245
_a
Manual of basic sailing theory
_c
Colgate,S
942
_2
udc
_c
BK
999
_c
44278
_d
44278